Minecraft Items that Start with L - Statistics

General Stats
  • This quiz has been taken 16 times
    14 since last reset
  • The average score is 31 of 69
Answer Stats
Answer % Correct
Leather
80%
Lantern
70%
Lead
70%
Light
70%
Light Blue Dye
70%
Light Blue Stained Glass
70%
Leather Boots
60%
Leather Cap
60%
Leather Pants
60%
Leather Tunic
60%
Light Blue Bed
60%
Light Blue Stained Glass Pane
60%
Light Blue Wool
60%
Light Gray Dye
60%
Light Gray Stained Glass
60%
Lilac
60%
Lime Bed
60%
Lime Dye
60%
Lime Stained Glass
60%
Lapis Lazuli
50%
Lava
50%
Lava Bucket
50%
Leather Horse Armor
50%
Light Blue Candle
50%
Light Blue Carpet
50%
Light Blue Concrete
50%
Light Blue Terracotta
50%
Light Gray Bed
50%
Light Gray Concrete
50%
Light Gray Stained Glass Pane
50%
Light Gray Terracotta
50%
Light Gray Wool
50%
Lime Candle
50%
Lime Carpet
50%
Lime Concrete
50%
Lime Concrete Powder
50%
Lime Stained Glass Pane
50%
Lime Terracotta
50%
Lime Wool
50%
Loom
50%
Lapis Lazuli Ore
40%
Lectern
40%
Light Blue Banner
40%
Light Blue Concrete Powder
40%
Light Blue Glazed Terracotta
40%
Light Gray Candle
40%
Light Gray Carpet
40%
Light Gray Concrete Powder
40%
Light Gray Glazed Terracotta
40%
Lily Pad
40%
Lime Banner
40%
Lime Glazed Terracotta
40%
Ladder
30%
Light Blue Shulker Box
30%
Light Gray Banner
30%
Light Gray Shulker Box
30%
Lime Shulker Box
30%
Large Fern
20%
Leaf Litter
20%
Light Blue Harness
20%
Light Gray Harness
20%
Lime Harness
20%
Lingering Potion
20%
Llama Spawn Egg
20%
Lodestone
20%
Large Amethyst Bud
10%
Lightning Rod
10%
Light Weighted Pressure Plate
10%
Lily of the Valley
10%
No matching quizzes found
Score Distribution
Percent of People with Each Score
Percentile by Number Answered
Your Score History
You have not taken this quiz since the last reset